The Life of a Showgirl Trackist - Statistics

General Stats
  • This quiz has been taken 213 times
  • The average score is 11 of 12
Answer Stats
Track number Song name % Correct
1 The Fate of Ophelia
99%
12 The Life of a Showgirl (ft. Sabrina Carpenter)
99%
3 Opalite
97%
9 Wood
96%
5 Eldest Daughter
93%
7 Actually Romantic
90%
4 Father Figure
90%
10 CANCELLED!
89%
8 Wi$h Li$t
88%
2 Elizabeth Taylor
87%
11 Honey
86%
6 Ruin The Friendship
83%
No matching quizzes found
Score Distribution
Percent of People with Each Score
Percentile by Number Answered
Your Score History
You have not taken this quiz